| 000 | 00695nam a2200205 i 4500 | ||
|---|---|---|---|
| 001 | 37646 | ||
| 003 | ES-MaACL | ||
| 005 | 20230906155622.0 | ||
| 007 | t| | ||
| 008 | 030221s1937 sp ||||1| spa d | ||
| 100 | 1 |
_aBuyse, Raymond. _932995 |
|
| 245 | 1 | 3 |
_aLa experiemntación en pedagogía / _cRaymond Buyse ; traducción de Pablo Martínez de Salinas. |
| 260 |
_aBarcelona, etc. : _bLabor, _c1937 ( _fGalve) |
||
| 300 |
_aXV, 433 p. : _bil. ; _c22 cm. |
||
| 490 | 1 | _aBiblioteca de pedagogía contemporánea | |
| 700 | 1 |
_aMartínez de Salinas, Pablo. _978030 |
|
| 830 | 0 |
_aBiblioteca de pedagogía contemporánea _9181730 |
|
| 852 |
_aES-MaACL _jC-5358 _bR.25462 |
||
| 999 |
_c37646 _d37646 |
||